00759cam a2200241 a 4500001001300000003000400013005001700017008004100034010001700075035002700092040002700119050001500146066000700161100002700168245006200195260005600257300002900313500002200342880002600364880005600390880005400446999001700500c 62001233 DLC20260227111034.0030729s1952 cc a 000 0 chi  ac 62001233  a(CStRLIN)DCLP03-B10749 aDLCcDLC-RdDLC-RdDLC00aTE200b.C5 c$11 6880-01aChen, Benduan.106880-02aDao lu cai liao shi yan /cChen Benduan bian zhu. 6880-03aShanghai :bLong men lian he shu ju,c1952. a202 p. :bill. ;c22 cm. aDa xue yong shu."1 6100-01/$1a陳本端.106245-02/$1a道路材料實驗 /c陳本端編著. 6260-03/$1a上海 :b龍門聯合書局,c1952. c12776d12776